[Event "PRO League Group Stage"]
[Site "chess.com INT"]
[Date "2017.02.15"]
[EventDate "2017.01.11"]
[Round "6"]
[Result "1/2-1/2"]
[White "Vidit Santosh Gujrathi"]
[Black "Nikita Meskovs"]
[WhiteElo "2673"]
[BlackElo "2490"]
[PlyCount "123"]

1. e4 c5 2. Nf3 e6 3. d4 cxd4 4. Nxd4 Nc6 5. Nc3 Qc7 6. g3 Bb4
7. Bg2 a6 8. O-O Nf6 9. Nce2 Bc5 10. Bg5 b5 11. a4 Bb7
12. axb5 Nxd4 13. Nxd4 Qe5 14. Nf3 Qxb2 15. Rb1 Qa2 16. Ne5 d6
17. Bxf6 gxf6 18. Ng4 Qc4 19. bxa6 Bxa6 20. Nxf6+ Ke7 21. e5
dxe5 22. Bxa8 Qxf1+ 23. Qxf1 Bxf1 24. Ne4 Rxa8 25. Kxf1 Rc8
26. Rb5 Bd6 27. Rb6 Rd8 28. Ke2 f5 29. Rb7+ Rd7 30. Rxd7+ Kxd7
31. Nf6+ Ke7 32. Nxh7 Kf7 33. h4 e4 34. Ng5+ Kf6 35. c4 Bc5
36. Nh3 e5 37. Ng5 Bd4 38. g4 Bc5 39. gxf5 Kxf5 40. f3 exf3+
41. Kxf3 Be7 42. Ke3 Bxg5+ 43. hxg5 Kxg5 44. Ke4 Kf6 45. Kd5
e4 46. Kxe4 Ke6 47. Kd4 Kd6 48. c5+ Kc6 49. Kc4 Kc7 50. Kb5
Kb7 51. c6+ Kc7 52. Kc5 Kc8 53. Kb6 Kb8 54. Kb5 Kc7 55. Kc5
Kc8 56. Kd5 Kc7 57. Kc5 Kc8 58. Kc4 Kc7 59. Kb5 Kc8 60. Kb6
Kb8 61. c7+ Kc8 62. Kc6 1/2-1/2

[Event "Dubai Open"]
[Site "Dubai UAE"]
[Date "2017.04.03"]
[EventDate "2017.04.03"]
[Round "1.8"]
[Result "1-0"]
[White "Vidit Santosh Gujrathi"]
[Black "Khaled Mona"]
[WhiteElo "2670"]
[BlackElo "2166"]
[PlyCount "45"]

1. Nf3 d5 2. g3 Nf6 3. Bg2 Bf5 4. d3 h6 5. c4 e6 6. cxd5 exd5
7. Qb3 Na6 8. Be3 c6 9. O-O Qc8 10. Rc1 Bd6 11. Bd4 O-O
12. Bxf6 gxf6 13. Nc3 Nc5 14. Qd1 Qd8 15. Nh4 Bh7 16. d4 Ne6
17. e4 dxe4 18. Bxe4 Re8 19. Bxh7+ Kxh7 20. Qh5 Ng5 21. f4 Bf8
22. fxg5 Qxd4+ 23. Kh1 1-0

[Event "Dubai Open"]
[Site "Dubai UAE"]
[Date "2017.04.04"]
[EventDate "2017.04.03"]
[Round "2.7"]
[Result "0-1"]
[White "Nail Bashirli"]
[Black "Vidit Santosh Gujrathi"]
[WhiteElo "2369"]
[BlackElo "2670"]
[PlyCount "84"]

1. e4 e5 2. Nf3 Nc6 3. Bb5 a6 4. Ba4 Nf6 5. O-O Be7 6. Re1 b5
7. Bb3 d6 8. a4 Bg4 9. c3 O-O 10. h3 Bxf3 11. Qxf3 Na5 12. Bc2
b4 13. d4 Nd7 14. d5 b3 15. Bd3 Nc5 16. Nd2 Bg5 17. g3 Qd7
18. h4 Bh6 19. Bf1 Rab8 20. Qe2 Rb6 21. Kh2 Nxa4 22. Nc4 Nxc4
23. Qxc4 Bxc1 24. Rxa4 Bxb2 25. Rb4 Ba3 26. Rxb3 Bc5 27. Bh3
Qe7 28. Kg2 a5 29. Ra1 Rxb3 30. Qxb3 Bb6 31. Qc2 g6 32. Ra2
Kg7 33. Qd3 f5 34. exf5 e4 35. Qc4 gxf5 36. Re2 Qf6 37. Re1
Kh8 38. Re2 Rg8 39. Rb2 Qe5 40. Qe2 f4 41. Qd1 fxg3 42. f4
Qxf4 0-1

[Event "Dubai Open"]
[Site "Dubai UAE"]
[Date "2017.04.05"]
[EventDate "2017.04.03"]
[Round "3.6"]
[Result "1-0"]
[White "Vidit Santosh Gujrathi"]
[Black "Rameshbabu Praggnanandhaa"]
[WhiteElo "2670"]
[BlackElo "2447"]
[PlyCount "85"]

1. e4 e5 2. Nf3 Nc6 3. Bb5 a6 4. Ba4 Nf6 5. O-O b5 6. Bb3 Bb7
7. d3 Be7 8. Re1 O-O 9. a4 d6 10. Nbd2 Na5 11. Ba2 b4 12. d4
exd4 13. Nxd4 Re8 14. c3 c5 15. cxb4 cxb4 16. N4f3 h6 17. Nh4
Bf8 18. Ng6 Rc8 19. Nxf8 Kxf8 20. Bb1 Qb6 21. Bd3 Kg8 22. h3
Re6 23. Nf3 Bxe4 24. Be3 Qb7 25. Nd4 Ree8 26. Nf5 Bxg2
27. Nxd6 Qa8 28. Nxc8 Bxh3 29. f3 Rxc8 30. Qe2 Re8 31. Qf2 Qd5
32. Rad1 Qh5 33. Qg3 Nc6 34. Bxa6 Ne5 35. Be2 Re6 36. Kf2 Qf5
37. Qf4 Qg6 38. Rg1 Nfg4+ 39. Ke1 Rf6 40. Rxg4 Bxg4 41. Qxe5
Bf5 42. Kf2 Bh3 43. Rg1 1-0

[Event "Dubai Open"]
[Site "Dubai UAE"]
[Date "2017.04.06"]
[EventDate "2017.04.03"]
[Round "4.2"]
[Result "1/2-1/2"]
[White "Emre Can"]
[Black "Vidit Santosh Gujrathi"]
[WhiteElo "2578"]
[BlackElo "2670"]
[PlyCount "106"]

1. d4 Nf6 2. c4 e6 3. Nf3 d5 4. Nc3 Bb4 5. cxd5 exd5 6. Bg5 h6
7. Bh4 O-O 8. e3 Bf5 9. Qb3 Bxc3+ 10. bxc3 Nbd7 11. Be2 c5
12. Bxf6 Nxf6 13. dxc5 Qe7 14. O-O Rfc8 15. Nd4 Bg6 16. Qb4
Rxc5 17. Nb3 Rc7 18. Qxe7 Rxe7 19. Rfc1 Rc8 20. c4 Rec7
21. cxd5 Nxd5 22. Bf3 Nc3 23. Nd4 b5 24. Kf1 b4 25. Ke1 Rb8
26. Nb3 Bf5 27. g4 Be6 28. Rc2 Rb6 29. Rb2 g6 30. Rc1 Rc4
31. Na5 Rc7 32. Nb3 Re7 33. Ra1 Kg7 34. h3 Kf6 35. h4 Rc7
36. Rc1 Ra6 37. Nd4 Na4 38. Rbc2 Rxc2 39. Rxc2 Nc3 40. Rb2
Nxa2 41. Be2 Ra4 42. Nxe6 fxe6 43. Bb5 Ra5 44. Bc4 Nc3
45. Rxb4 g5 46. hxg5+ hxg5 47. Rb8 Ra4 48. Rc8 Ra1+ 49. Kd2
Ne4+ 50. Ke2 Nd6 51. Rc6 Nxc4 52. Rxc4 a5 53. Rc5 Ra4 1/2-1/2

[Event "Dubai Open"]
[Site "Dubai UAE"]
[Date "2017.04.08"]
[EventDate "2017.04.03"]
[Round "5.4"]
[Result "1-0"]
[White "Vidit Santosh Gujrathi"]
[Black "Mikhail Antipov"]
[WhiteElo "2670"]
[BlackElo "2586"]
[PlyCount "85"]

1. d4 Nf6 2. c4 g6 3. g3 c5 4. dxc5 Na6 5. Bg2 Nxc5 6. Nc3 Bg7
7. Nh3 O-O 8. O-O d6 9. Nf4 Bf5 10. Be3 Nfe4 11. Nxe4 Bxe4
12. Bxe4 Nxe4 13. Qd5 Nf6 14. Qxb7 Ng4 15. Rab1 Nxe3 16. fxe3
e6 17. Qb4 a5 18. Qd2 Qb6 19. b3 Rac8 20. Rfd1 Rfd8 21. Rbc1
h5 22. Qd3 Rc5 23. h4 Re5 24. Kf2 Rf5 25. Kg2 Qc6+ 26. Kh2 Bb2
27. Rb1 Ba3 28. Rf1 Bc5 29. Rf3 Re8 30. Rbf1 d5 31. cxd5 exd5
32. Rc1 Re4 33. Qc2 d4 34. exd4 Rxd4 35. Nxg6 Rxf3 36. Ne7+
Bxe7 37. Qxc6 Rf2+ 38. Kh3 Rxe2 39. Qe8+ Kg7 40. Rf1 f6
41. Qxh5 Re3 42. Rf3 Re5 43. Rf5 1-0

[Event "Dubai Open"]
[Site "Dubai UAE"]
[Date "2017.04.08"]
[EventDate "2017.04.03"]
[Round "6.2"]
[Result "1/2-1/2"]
[White "Mustafa Yilmaz"]
[Black "Vidit Santosh Gujrathi"]
[WhiteElo "2614"]
[BlackElo "2670"]
[PlyCount "140"]

1. d4 Nf6 2. c4 e6 3. Nf3 d5 4. Nc3 Bb4 5. Bg5 h6 6. Bxf6 Qxf6
7. e3 O-O 8. Rc1 Nc6 9. a3 Bxc3+ 10. Rxc3 dxc4 11. Rxc4 e5
12. Qc1 exd4 13. Nxd4 Nxd4 14. Rxd4 Qg6 15. g3 Bf5 16. Bg2 c5
17. Rc4 Qa6 18. Rxc5 Rac8 19. Bf3 b6 20. Rc3 Rxc3 21. Qxc3 Rc8
22. Qd4 Rc1+ 23. Bd1 Rb1 24. e4 Bg4 25. Kd2 Qb5 26. Kc2 Ra1
27. f3 Be6 28. Re1 Bb3+ 29. Kd2 Bxd1 30. Rxd1 Rxd1+ 31. Kxd1
Qf1+ 32. Kd2 Qxf3 33. Qe3 Qh5 34. h4 Qe5 35. Kc2 Kf8 36. Qd3
Ke7 37. Kb1 h5 38. Ka1 g6 39. Qe3 Qd6 40. Qc3 Ke6 41. Qc4+ Kf6
42. Qc3+ Qe5 43. Qf3+ Ke7 44. Qe3 Qe6 45. Qg5+ Qf6 46. Qc1 Qd6
47. Qg5+ Ke6 48. Qe3 Qc5 49. Qb3+ Ke7 50. Qd3 a5 51. a4 Qd6
52. Qb3 Kf6 53. Qc3+ Ke6 54. Ka2 f6 55. b3 Qc5 56. Kb2 Qf2+
57. Ka3 Qc5+ 58. Kb2 Qe5 59. Kc2 Qxe4+ 60. Kc1 Qd5 61. Qe3+
Kd7 62. Kb1 Qd1+ 63. Kb2 Qd6 64. Kb1 Kc7 65. Qc3+ Kb7 66. Qf3+
Qc6 67. Qe3 Kc8 68. Kb2 Qc7 69. Qe8+ Kb7 70. Qxg6 Qe5+ 1/2-1/2

[Event "Dubai Open"]
[Site "Dubai UAE"]
[Date "2017.04.09"]
[EventDate "2017.04.03"]
[Round "7.2"]
[Result "1-0"]
[White "Vidit Santosh Gujrathi"]
[Black "Eltaj Safarli"]
[WhiteElo "2670"]
[BlackElo "2680"]
[PlyCount "131"]

1. d4 Nf6 2. c4 e6 3. Nf3 Bb4+ 4. Bd2 Qe7 5. g3 Bxd2+ 6. Qxd2
Nc6 7. b3 d5 8. Bg2 Ne4 9. Qb2 Qb4+ 10. Nfd2 Nxd2 11. Nxd2
dxc4 12. Rc1 O-O 13. Rxc4 Qb6 14. O-O Rd8 15. e3 Ne7 16. Rfc1
c6 17. h4 Bd7 18. Qa3 Nd5 19. Ne4 Be8 20. Nc5 Qc7 21. Qb2 Nb6
22. R4c2 Nd7 23. Nd3 a5 24. Nc5 Nxc5 25. Rxc5 Rd6 26. Qa3 Qd8
27. Bf3 f6 28. Qb2 Bf7 29. Kg2 Rd7 30. a3 Rd6 31. b4 axb4
32. Qxb4 Rd7 33. Rb1 Re7 34. a4 Bg6 35. Rd1 Bf7 36. a5 Qc7
37. Qc3 h6 38. Be2 Be8 39. Rb1 Kh8 40. Bd3 Rd8 41. Be4 Kg8
42. Rb6 Kh8 43. Qb4 Ra8 44. Rc1 f5 45. Bd3 Rd8 46. Be2 e5
47. dxe5 Qxe5 48. Bf3 Qc7 49. Rb1 Rdd7 50. Qc5 Rf7 51. Bh5 Rd5
52. Qc3 f4 53. Bxf7 f3+ 54. Kh2 Qxf7 55. Rxb7 Bd7 56. e4 Rd6
57. a6 Qa2 58. R7b2 Qxa6 59. Qxf3 Rf6 60. Qe3 Qc4 61. e5 Rf7
62. Rb4 Qc2 63. R1b2 Qf5 64. Rf4 Qh3+ 65. Kg1 Bf5 66. g4 1-0

[Event "Dubai Open"]
[Site "Dubai UAE"]
[Date "2017.04.10"]
[EventDate "2017.04.03"]
[Round "8.2"]
[Result "1/2-1/2"]
[White "Vidit Santosh Gujrathi"]
[Black "Anton Korobov"]
[WhiteElo "2670"]
[BlackElo "2695"]
[PlyCount "206"]

1. d4 d5 2. c4 c6 3. cxd5 cxd5 4. Bf4 Nc6 5. e3 Nf6 6. Nc3 a6
7. Be2 Bf5 8. Nf3 e6 9. Qb3 Bd6 10. Bxd6 Qxd6 11. Qxb7 O-O
12. Qb3 Rfb8 13. Qa3 Qxa3 14. bxa3 Ne4 15. Na4 Na7 16. Ne5 Nb5
17. f3 Nec3 18. Bxb5 Nxb5 19. Nd7 Rd8 20. Nab6 Ra7 21. a4 Na3
22. Rc1 Nc2+ 23. Kd2 Raxd7 24. Nxd7 Rxd7 25. e4 dxe4 26. Kxc2
exf3+ 27. Kb3 g5 28. gxf3 Rxd4 29. Rhd1 Rf4 30. Rc3 Bh3 31. a5
Kg7 32. a4 h5 33. Re3 h4 34. Rd6 Bf1 35. Rc6 Kg6 36. Rc1 Bg2
37. Rcc3 Kf5 38. Rc5+ Kf6 39. Rcc3 Kf5 40. Rc5+ Kg6 41. Rcc3
g4 42. fxg4 Bd5+ 43. Ka3 Rxg4 44. Rc7 Rg2 45. Rh3 Rg4 46. Ra7
Bc4 47. Ra8 f5 48. Rg8+ Kh5 49. Rh8+ Kg5 50. Rg8+ Kf4 51. Rh8
e5 52. R3xh4 e4 53. Rxg4+ Kxg4 54. Kb4 Ba2 55. Kc3 f4 56. Kd2
e3+ 57. Ke1 f3 58. Rf8 Bd5 59. Kf1 Be4 60. Kg1 Bf5 61. Kf1 Be6
62. Ke1 Bb3 63. Kf1 Bxa4 64. Ke1 Bb5 65. Rf6 Bc4 66. Rf8 Bd3
67. Rf6 Bf5 68. Rf8 Kf4 69. h4 Ke4 70. Re8+ Kd4 71. Rd8+ Kc3
72. Rf8 Bg4 73. Rf4 Bh5 74. Rf5 f2+ 75. Rxf2 exf2+ 76. Kxf2
Kd2 77. Kf1 Ke3 78. Kg2 Bg6 79. Kg3 Bh5 80. Kg2 Be2 81. Kg1
Bg4 82. Kg2 Bh5 83. Kf1 Bf3 84. Kg1 Ke2 85. Kh2 Kf2 86. Kh3
Bh5 87. Kh2 Bg4 88. Kh1 Kg3 89. Kg1 Be2 90. Kh1 Kf2 91. Kh2
Bh5 92. Kh1 Bg6 93. Kh2 Ke3 94. Kg3 Bh5 95. Kg2 Kd2 96. Kf1
Kc3 97. Kf2 Bg6 98. Ke3 Bd3 99. h5 Bh7 100. h6 Bd3 101. Kf2
Kb4 102. Ke3 Bh7 103. Kd2 Kxa5 1/2-1/2

[Event "Dubai Open"]
[Site "Dubai UAE"]
[Date "2017.04.11"]
[EventDate "2017.04.03"]
[Round "9.1"]
[Result "1/2-1/2"]
[White "Vidit Santosh Gujrathi"]
[Black "Eduardo Patricio Iturrizaga Bonelli"]
[WhiteElo "2670"]
[BlackElo "2671"]
[PlyCount "51"]

1. d4 Nf6 2. c4 e6 3. Nf3 c5 4. g3 cxd4 5. Nxd4 Bb4+ 6. Bd2
Bxd2+ 7. Qxd2 Ne4 8. Qe3 Qa5+ 9. Nd2 Nxd2 10. Qxd2 Qxd2+
11. Kxd2 Nc6 12. Kc3 Nxd4 13. Kxd4 b6 14. Bg2 Rb8 15. Rac1 Ke7
16. Rc3 Bb7 17. Bxb7 Rxb7 18. e4 d6 19. Rhc1 Rc8 20. h4 h5
21. R1c2 g6 22. Rc1 Rbc7 23. R1c2 Rc6 24. Rc1 R6c7 25. R1c2
Rc6 26. Rc1 1/2-1/2

[Event "Reykjavik Open"]
[Site "Reykjavik ISL"]
[Date "2017.04.19"]
[EventDate "2017.04.19"]
[Round "1.8"]
[Result "1-0"]
[White "Vidit Santosh Gujrathi"]
[Black "Bjorn Holm Birkisson"]
[WhiteElo "2670"]
[BlackElo "2057"]
[PlyCount "97"]

1. d4 d5 2. c4 e6 3. Nc3 Nf6 4. cxd5 exd5 5. Bg5 Be7 6. e3 c6
7. Bd3 O-O 8. Qc2 Nbd7 9. h3 Re8 10. Nge2 Nf8 11. O-O Bd7
12. Ng3 h6 13. Bf4 Rc8 14. Be5 c5 15. Rad1 c4 16. Bf5 g6
17. Bxd7 Qxd7 18. e4 dxe4 19. Ngxe4 N8h7 20. Rfe1 b5 21. d5 b4
22. d6 Bd8 23. Bxf6 Nxf6 24. Nxf6+ Bxf6 25. Rxe8+ Rxe8 26. Ne4
Bxb2 27. Qxc4 a5 28. Nc5 Qc6 29. d7 Rd8 30. Qd5 Qxd5 31. Rxd5
Bf6 32. Nb7 Rb8 33. Nxa5 Ra8 34. Nc6 Rxa2 35. d8=Q+ Bxd8
36. Rxd8+ Kg7 37. Nxb4 Ra7 38. g3 Rb7 39. Rd4 Ra7 40. Kg2 Rc7
41. h4 Ra7 42. Nc6 Rc7 43. Rd6 Rb7 44. Ne5 Re7 45. f4 Re8
46. Rd7 Rf8 47. Kf3 h5 48. f5 Kf6 49. Kf4 1-0

[Event "Reykjavik Open"]
[Site "Reykjavik ISL"]
[Date "2017.04.20"]
[EventDate "2017.04.19"]
[Round "2.8"]
[Result "0-1"]
[White "Sigurbjorn Bjornsson"]
[Black "Vidit Santosh Gujrathi"]
[WhiteElo "2279"]
[BlackElo "2670"]
[PlyCount "68"]

1. e4 c5 2. Nf3 Nc6 3. d4 cxd4 4. Nxd4 Qb6 5. Nb3 Nf6 6. Nc3
e6 7. Qe2 Bb4 8. Bd2 O-O 9. a3 Be7 10. e5 Ne8 11. O-O-O Qc7
12. f4 a6 13. Ne4 b5 14. Qh5 d6 15. Bd3 dxe5 16. Ng5 h6
17. Nh7 Nf6 18. Nxf6+ Bxf6 19. Bc3 e4 20. Bxf6 Qxf4+ 21. Nd2
Qxf6 22. Nxe4 Qe5 23. Qh4 f5 24. Nd2 Qc7 25. Kb1 e5 26. g4 e4
27. Bf1 e3 28. Nb3 fxg4 29. Bg2 Bf5 30. Bd5+ Kh8 31. Rhe1
Bxc2+ 32. Kxc2 Nb4+ 33. Kb1 Qc2+ 34. Ka1 Rf2 0-1

[Event "Reykjavik Open"]
[Site "Reykjavik ISL"]
[Date "2017.04.20"]
[EventDate "2017.04.19"]
[Round "3.7"]
[Result "1-0"]
[White "Vidit Santosh Gujrathi"]
[Black "Rameshbabu Praggnanandhaa"]
[WhiteElo "2670"]
[BlackElo "2447"]
[PlyCount "87"]

1. Nf3 Nf6 2. g3 g6 3. Bg2 Bg7 4. c4 O-O 5. O-O d5 6. d4 c6
7. b3 dxc4 8. bxc4 c5 9. Bb2 Qb6 10. Qc1 Ne4 11. e3 Nc6
12. Ne5 Nd6 13. Nd2 Nxe5 14. dxe5 Nf5 15. Ne4 Bd7 16. Rb1 Qc7
17. f4 Bc6 18. Qe1 h5 19. h3 h4 20. gxh4 b6 21. Nc3 Bxg2
22. Kxg2 e6 23. e4 Nd4 24. Qg3 Kh7 25. Kh1 Bh6 26. Rf2 Qb7
27. Rg1 Rg8 28. Qg2 Qa6 29. Qf1 Qb7 30. Rfg2 Rg7 31. Bc1 Rag8
32. Qd3 Qa8 33. Re1 Qb7 34. Nd1 Qe7 35. Qg3 Nf5 36. Qf2 Nd4
37. Ne3 f5 38. exf6 Qxf6 39. Ng4 Qf8 40. Reg1 Rf7 41. Nxh6
Qxh6 42. f5 Qf8 43. Rxg6 Rgg7 44. Bh6 1-0

[Event "Reykjavik Open"]
[Site "Reykjavik ISL"]
[Date "2017.04.21"]
[EventDate "2017.04.19"]
[Round "4.5"]
[Result "0-1"]
[White "Johann Hjartarson"]
[Black "Vidit Santosh Gujrathi"]
[WhiteElo "2536"]
[BlackElo "2670"]
[PlyCount "52"]

1. e4 c5 2. Nf3 d6 3. d4 cxd4 4. Nxd4 Nf6 5. Nc3 a6 6. Be2 e5
7. Nb3 Be7 8. O-O O-O 9. Kh1 b6 10. f4 Bb7 11. Bf3 Nbd7
12. Qe2 b5 13. a3 Rc8 14. f5 Re8 15. g4 d5 16. exd5 e4 17. Bg2
Nxd5 18. Nxe4 N7f6 19. c3 Nxe4 20. Qxe4 Bd6 21. Qc2 Qh4
22. Bf3 Nb4 23. Bg5 Bxf3+ 24. Rxf3 Nxc2 25. Bxh4 Nxa1 26. Nxa1
Re2 0-1

[Event "Reykjavik Open"]
[Site "Reykjavik ISL"]
[Date "2017.04.22"]
[EventDate "2017.04.19"]
[Round "5.1"]
[Result "1/2-1/2"]
[White "Vidit Santosh Gujrathi"]
[Black "Anish Giri"]
[WhiteElo "2670"]
[BlackElo "2771"]
[PlyCount "24"]

1. Nf3 Nf6 2. g3 d5 3. Bg2 c5 4. O-O g6 5. c4 Bg7 6. cxd5 Nxd5
7. d4 cxd4 8. Nxd4 O-O 9. Nb5 Be6 10. Nd4 Bc8 11. Nb5 Be6
12. Nd4 Bc8 1/2-1/2

[Event "Reykjavik Open"]
[Site "Reykjavik ISL"]
[Date "2017.04.23"]
[EventDate "2017.04.19"]
[Round "6.2"]
[Result "1/2-1/2"]
[White "Vidit Santosh Gujrathi"]
[Black "Baadur Aleksandrovich Jobava"]
[WhiteElo "2670"]
[BlackElo "2712"]
[PlyCount "60"]

1. d4 d5 2. c4 c6 3. cxd5 cxd5 4. Bf4 Nc6 5. e3 Bf5 6. Nc3 e6
7. Qb3 Bb4 8. Bb5 Bxc3+ 9. Qxc3 Ne7 10. Nf3 Rc8 11. O-O O-O
12. Qa3 Qb6 13. Ba4 Ng6 14. Bd6 Rfd8 15. Bc5 Qa6 16. Rfc1 Bd3
17. Bd1 b6 18. Bd6 Na5 19. Bb4 Nc6 20. Qxa6 Bxa6 21. Bd2 Nce7
22. a4 Rxc1 23. Rxc1 Rc8 24. Rxc8+ Nxc8 25. Bb4 Nge7 26. Nd2
Nc6 27. Ba3 Bd3 28. f3 a5 29. Kf2 f6 30. Ke1 Kf7 1/2-1/2

[Event "Reykjavik Open"]
[Site "Reykjavik ISL"]
[Date "2017.04.24"]
[EventDate "2017.04.19"]
[Round "7.6"]
[Result "0-1"]
[White "Magesh Chandran Panchanathan"]
[Black "Vidit Santosh Gujrathi"]
[WhiteElo "2494"]
[BlackElo "2670"]
[PlyCount "58"]

1. d4 Nf6 2. g3 c5 3. Nf3 cxd4 4. Nxd4 d5 5. Bg2 e5 6. Nb3 Be6
7. O-O Be7 8. Bg5 Nbd7 9. Nc3 Rc8 10. e3 h6 11. Bxf6 Nxf6
12. Qe2 Qb6 13. Rfd1 e4 14. a4 a6 15. a5 Qc7 16. Nd4 Bd7
17. f3 Bb4 18. fxe4 Bxc3 19. bxc3 dxe4 20. Rf1 Qxc3 21. Rab1
Rc7 22. Rf4 O-O 23. Bxe4 Nxe4 24. Rxe4 Qxa5 25. Qf3 Qd5
26. Qf4 Rxc2 27. Nxc2 Bc6 28. Rbb4 f5 29. Rbd4 fxe4 0-1

[Event "Reykjavik Open"]
[Site "Reykjavik ISL"]
[Date "2017.04.25"]
[EventDate "2017.04.19"]
[Round "8.2"]
[Result "1/2-1/2"]
[White "Vidit Santosh Gujrathi"]
[Black "Abhijeet Gupta"]
[WhiteElo "2670"]
[BlackElo "2607"]
[PlyCount "83"]

1. Nf3 Nf6 2. c4 g6 3. Nc3 d5 4. cxd5 Nxd5 5. h4 Bg7 6. e4
Nxc3 7. dxc3 Qxd1+ 8. Kxd1 Nd7 9. Nd4 c5 10. Nc2 Ne5 11. Ne3
Bd7 12. a4 Bc6 13. f3 f5 14. exf5 Nxf3 15. Bb5 Ne5 16. Ke2 O-O
17. Bxc6 bxc6 18. Rf1 Bf6 19. fxg6 hxg6 20. Rf4 Rad8 21. Nc4
Rd5 22. Re4 Nf7 23. Rg4 Nd6 24. Rxg6+ Kf7 25. Rg4 Nxc4
26. Rxc4 Rg8 27. g4 Bxh4 28. Be3 Bg5 29. Rf1+ Ke8 30. Re4 Bxe3
31. Kxe3 Rh8 32. Rf6 Kd7 33. Rf7 Re8 34. Ke2 Kd6 35. b3 a5
36. Rg7 Kd7 37. g5 Rd6 38. Rc4 Re6+ 39. Kd3 Rf8 40. Rxc5 Rf3+
41. Kd2 Rf2+ 42. Kd3 1/2-1/2

[Event "Reykjavik Open"]
[Site "Reykjavik ISL"]
[Date "2017.04.26"]
[EventDate "2017.04.18"]
[Round "9.2"]
[Result "1/2-1/2"]
[White "Zoltan Almasi"]
[Black "Vidit Santosh Gujrathi"]
[WhiteElo "2696"]
[BlackElo "2670"]
[PlyCount "60"]

1. Nf3 c5 2. c4 Nf6 3. Nc3 d5 4. cxd5 Nxd5 5. g3 Nc6 6. Bg2
Nc7 7. O-O e5 8. a3 Rb8 9. Rb1 f6 10. d3 Be7 11. Be3 Bd7
12. Nd2 O-O 13. b4 cxb4 14. axb4 Kh8 15. Bxc6 bxc6 16. Bxa7
Rxb4 17. Bb6 Bh3 18. Re1 Qd7 19. Bxc7 Qxc7 20. Qc2 Qd7
21. Rxb4 Bxb4 22. Rb1 c5 23. Nce4 Qe7 24. Nc4 Qa7 25. Nc3 Qa8
26. e4 Bxc3 27. Qxc3 h5 28. Qc2 Rd8 29. Ne3 Qc8 30. Rc1 Bg4
1/2-1/2

[Event "World Team Chess Championship"]
[Site "Khanty-Mansiysk RUS"]
[Date "2017.06.21"]
[EventDate "2017.06.17"]
[Round "5.2"]
[Result "1/2-1/2"]
[White "Abdelrahman Hesham"]
[Black "Vidit Santosh Gujrathi"]
[WhiteElo "2372"]
[BlackElo "2692"]
[PlyCount "157"]

1. d4 Nf6 2. c4 e6 3. Nf3 Bb4+ 4. Nbd2 O-O 5. a3 Be7 6. e4 d6
7. Qc2 Nfd7 8. Nb1 e5 9. d5 a5 10. Nc3 Nc5 11. Be3 Nba6
12. Be2 f5 13. O-O Qe8 14. b3 Qg6 15. Kh1 fxe4 16. Nd2 Bf5
17. g4 Bd7 18. Ndxe4 a4 19. b4 Nb3 20. Rad1 Nd4 21. Bxd4 exd4
22. Rxd4 Rf4 23. Qd1 Raf8 24. b5 Nc5 25. Nxc5 Rxd4 26. Qxd4
dxc5 27. Qe4 Qf6 28. Qe3 Re8 29. Ne4 Qb2 30. Bd3 Rf8 31. Rb1
Qe5 32. h3 h5 33. Rg1 b6 34. Nd2 Bd6 35. Qxe5 Bxe5 36. Rg2
hxg4 37. hxg4 Bb2 38. Bc2 Bxa3 39. Bxa4 Rf4 40. Bc2 Bxg4
41. Be4 Bb4 42. f3 Bh5 43. Rh2 g6 44. Kg1 Kg7 45. Rf2 Kf6
46. Nf1 Bc3 47. Kg2 Bd4 48. Ra2 Be5 49. Ng3 Bd6 50. Ra8 Rh4
51. Re8 Kg5 52. Re6 Rf4 53. Re8 Rf6 54. Rg8 Kf4 55. Kf2 Be5
56. Re8 Bd6 57. Rh8 Kg5 58. Kg2 Rf7 59. Rg8 Kh4 60. Nxh5 gxh5
61. Bg6 Rf6 62. Be4 Rf4 63. Kf2 Rf7 64. Kg2 Be5 65. Bg6 Rd7
66. Bf5 Re7 67. Be6 Bd6 68. Kf2 Rh7 69. Rg6 Rh8 70. Bg8 Bf4
71. Kg2 Rh6 72. Rxh6 Bxh6 73. d6 cxd6 74. Bf7 Be3 75. Bg8 Kg5
76. Bf7 h4 77. Bg8 Kf4 78. Bd5 Bd4 79. Bc6 1/2-1/2

[Event "World Team Chess Championship"]
[Site "Khanty-Mansiysk RUS"]
[Date "2017.06.23"]
[EventDate "2017.06.17"]
[Round "6.4"]
[Result "1/2-1/2"]
[White "Vidit Santosh Gujrathi"]
[Black "Dragan Solak"]
[WhiteElo "2692"]
[BlackElo "2641"]
[PlyCount "49"]

1. d4 d5 2. c4 c6 3. Nf3 Nf6 4. Nc3 dxc4 5. a4 a5 6. e4 Bg4
7. Bxc4 e6 8. Be3 Bb4 9. Qc2 Nbd7 10. Be2 O-O 11. Rd1 Qe7
12. O-O Bxf3 13. Bxf3 e5 14. dxe5 Nxe5 15. Be2 Neg4 16. Bc1
Qe5 17. g3 Qh5 18. h4 Qc5 19. Kg2 Rad8 20. Bf4 h5 21. Bg5 Rxd1
22. Bxd1 Re8 23. Bf3 b5 24. Bxf6 Nxf6 25. Rc1 1/2-1/2

[Event "World Team Chess Championship"]
[Site "Khanty-Mansiysk RUS"]
[Date "2017.06.24"]
[EventDate "2017.06.17"]
[Round "7.3"]
[Result "1/2-1/2"]
[White "Ruslan Ponomariov"]
[Black "Vidit Santosh Gujrathi"]
[WhiteElo "2712"]
[BlackElo "2692"]
[PlyCount "190"]

1. e4 c5 2. Nf3 d6 3. Bb5+ Nd7 4. c3 Nf6 5. Qe2 a6 6. Ba4 b5
7. Bc2 Bb7 8. d4 e6 9. O-O Be7 10. Nbd2 Qc7 11. Bd3 Nh5 12. g3
Nhf6 13. b3 O-O 14. Bb2 c4 15. Bc2 cxb3 16. axb3 b4 17. Bd3
bxc3 18. Rac1 Rfc8 19. Rxc3 Qd8 20. Ra1 a5 21. Rxc8 Qxc8
22. Ne1 Nb6 23. Bb5 Ne8 24. Qe3 d5 25. e5 Nc7 26. Bf1 a4
27. bxa4 Nxa4 28. Ba3 Bxa3 29. Rxa3 Bc6 30. Qb3 Qb7 31. Qc2
Be8 32. Nd3 Qc6 33. Nc5 h6 34. Bd3 Nb6 35. Qa2 Nb5 36. Rxa8
Qxa8 37. Qxa8 Nxa8 38. Ndb3 Nb6 39. f4 Nc4 40. Kf2 Kf8 41. g4
g6 42. h4 Ke7 43. Kf3 Nb2 44. Bxb5 Bxb5 45. Na5 Ba4 46. Ke3
Bd1 47. g5 hxg5 48. fxg5 Bg4 49. Kd2 Bh5 50. Nd3 Nxd3 51. Kxd3
Bg4 52. Kc3 Bd1 53. Kb4 Kd7 54. Nb7 Bc2 55. Nd6 Ke7 56. Kb5
Bd1 57. Kc6 Bg4 58. Kc7 Bf3 59. Nc8+ Ke8 60. Kd6 Be2 61. Ne7
Bg4 62. Nc6 Be2 63. Ne7 Bg4 64. Ng8 Bf3 65. Nf6+ Kd8 66. Kc5
Ke7 67. Kb4 Bd1 68. Kc3 Bf3 69. Kd2 Kf8 70. Ke1 Kg7 71. Nd7
Bg2 72. Ke2 Bh3 73. Nf6 Bf5 74. Kd2 Kf8 75. Kc3 Ke7 76. Kb4
Bc2 77. h5 gxh5 78. Nxh5 Bg6 79. Nf6 Kf8 80. Kc5 Kg7 81. Ne8+
Kf8 82. Nd6 Kg7 83. Kc6 Bh5 84. Kd7 Kg6 85. Ke7 Kg7 86. Nb7
Kg6 87. Nd8 Kg7 88. Nxe6+ fxe6 89. Kxe6 Bf3 90. Kd6 Kg6 91. e6
Kxg5 92. e7 Bh5 93. Kxd5 Kf6 94. Kd6 Be8 95. d5 Kf7 1/2-1/2

[Event "World Team Chess Championship"]
[Site "Khanty-Mansiysk RUS"]
[Date "2017.06.25"]
[EventDate "2017.06.17"]
[Round "8.3"]
[Result "1/2-1/2"]
[White "Vidit Santosh Gujrathi"]
[Black "Peter Svidler"]
[WhiteElo "2692"]
[BlackElo "2756"]
[PlyCount "129"]

1. d4 Nf6 2. c4 g6 3. g3 c6 4. Bg2 d5 5. Nf3 Bg7 6. b3 O-O
7. O-O Ne4 8. Bb2 Bf5 9. e3 Nd7 10. Qe2 a5 11. cxd5 cxd5
12. Nc3 Nxc3 13. Bxc3 Qb6 14. Rfc1 Rfc8 15. Ne1 e5 16. dxe5
Rxc3 17. Rxc3 Bxe5 18. Rac1 Bxc3 19. Rxc3 d4 20. exd4 Qxd4
21. Bxb7 Qxc3 22. Bxa8 Ne5 23. Kg2 h5 24. Nf3 Qc8 25. Kg1 Bh3
26. Qxe5 Qxa8 27. Ne1 Qa6 28. Qe8+ Kg7 29. Ng2 g5 30. Qe5+ f6
31. Qe7+ Kg6 32. Qe4+ Kg7 33. Ne3 Qc8 34. Qc2 Qb7 35. Qd1 Qe4
36. Qxh5 Qb1+ 37. Qd1 Qxa2 38. g4 Qb2 39. Nf5+ Kg6 40. Nd6 Kh6
41. Nf5+ Kg6 42. Ng3 Kg7 43. Nf1 Qe5 44. Ne3 Qc5 45. Qd2 Qa3
46. Qc3 a4 47. Nf5+ Kf8 48. Qc8+ Kf7 49. Qd7+ Kf8 50. Qd8+ Kf7
51. Qd7+ Kf8 52. Qg7+ Ke8 53. Qh8+ Kd7 54. Qh7+ Kd8 55. Qh8+
Kd7 56. Qh7+ Kd8 57. Qg8+ Kc7 58. Qf7+ Kb8 59. Qg8+ Kc7
60. Qc4+ Kb8 61. Qb5+ Kc7 62. Qa5+ Kb7 63. Qd5+ Kc7 64. Qc4+
Kb8 65. Qg8+ 1/2-1/2

[Event "World Team Chess Championship"]
[Site "Khanty-Mansiysk RUS"]
[Date "2017.06.26"]
[EventDate "2017.06.17"]
[Round "9.4"]
[Result "1/2-1/2"]
[White "Aryan Tari"]
[Black "Vidit Santosh Gujrathi"]
[WhiteElo "2593"]
[BlackElo "2692"]
[PlyCount "111"]

1. e4 e5 2. Nf3 Nc6 3. d4 exd4 4. Nxd4 Nf6 5. Nxc6 bxc6 6. Bd3
d5 7. Qe2 dxe4 8. Nc3 Bb4 9. Bxe4 O-O 10. Bxc6 Rb8 11. Be3 Qd6
12. Bf3 Ba6 13. Qd2 Qe7 14. O-O-O Ba3 15. Na4 Bxb2+ 16. Nxb2
Qa3 17. Bd4 Qxa2 18. Qc3 Rfd8 19. Bc6 Bb5 20. Bf3 c5 21. Qxc5
Qa1+ 22. Kd2 Qxb2 23. Ke3 Qa2 24. Bxf6 gxf6 25. Rxd8+ Rxd8
26. Qxb5 Qxc2 27. Rd1 Rxd1 28. Qb8+ Kg7 29. Bxd1 Qxd1 30. Qxa7
Qg1 31. Kf3 Qxh2 32. Qd7 h5 33. g3 Qh1+ 34. Ke3 Qe1+ 35. Kf3
Qe5 36. Kg2 f5 37. Qd2 Qe4+ 38. Kh2 Qg4 39. Qc3+ Kh7 40. Qc7
Qg6 41. Qf4 Qf6 42. Kh3 Kg6 43. Qb8 Kg7 44. Qf4 Qg6 45. Kh4 f6
46. f3 Kh7 47. g4 hxg4 48. fxg4 fxg4 49. Qc7+ Kg8 50. Qd8+ Kf7
51. Qd7+ Kf8 52. Qd8+ Kg7 53. Qc7+ Qf7 54. Qxf7+ Kxf7 55. Kxg4
Ke6 56. Kf4 1/2-1/2